Chinnery's hotel / (Record no. 130140)

MARC details
000 -LEADER
fixed length control field 00704nam a22002417a 4500
003 - CONTROL NUMBER IDENTIFIER
control field dpl
005 - DATE AND TIME OF LATEST TRANSACTION
control field 20180730145458.0
008 - FIXED-LENGTH DATA ELEMENTS--GENERAL INFORMATION
fixed length control field 161217b xxu||||| |||| 00| 0 eng d
010 ## - LIBRARY OF CONGRESS CONTROL NUMBER
LC control number B-167172
020 ## - INTERNATIONAL STANDARD BOOK NUMBER
Terms of availability 275.00
International Standard Book Number 8175300558
035 ## - SYSTEM CONTROL NUMBER
System control number B-167172, B-213949
037 ## - SOURCE OF ACQUISITION
Source of stock number/acquisition Cen Lib/Ret
040 ## - CATALOGING SOURCE
Original cataloging agency DPL
Language of cataloging EN
Transcribing agency tit
082 ## - DEWEY DECIMAL CLASSIFICATION NUMBER
Classification number N
Item number BIR
100 ## - MAIN ENTRY--PERSONAL NAME
Personal name Birjepatil, Jaysinh
9 (RLIN) 28408
245 ## - TITLE STATEMENT
Title Chinnery's hotel /
Statement of responsibility, etc by Jaysinh Birjepatil
260 ## - PUBLICATION, DISTRIBUTION, ETC. (IMPRINT)
Place of publication, distribution, etc New Delhi
Name of publisher, distributor, etc Ravi Dayal Publishers
Date of publication, distribution, etc 2004
270 ## - ADDRESS
Address 51-E,Sujan Singh Park
City New Delhi
Postal code 110003
300 ## - PHYSICAL DESCRIPTION
Extent xi,261p.
Dimensions 21cm(Hb)
650 ## - SUBJECT ADDED ENTRY--TOPICAL TERM
Topical term or geographic name as entry element Indic fiction (English)
9 (RLIN) 6137
650 ## - SUBJECT ADDED ENTRY--TOPICAL TERM
Topical term or geographic name as entry element Manners and customs
9 (RLIN) 28409
942 ## - ADDED ENTRY ELEMENTS (KOHA)
Source of classification or shelving scheme Dewey Decimal Classification
Koha item type English Books
Classification part N
Call number suffix BIR
Holdings
Withdrawn status Lost status Damaged status Not for loan Home library Current library Date acquired Source of acquisition Cost, normal purchase price Total Checkouts Full call number Barcode Date last seen Copy number Cost, replacement price Price effective from Koha item type Source of classification or shelving scheme Collection code
        Central Library Central Library 08/07/2015 Cen Lib/Ret 275.00   N BIR B-167172 08/07/2015 1 275.00 08/07/2015 English Books    
        Central Library Central Library 31/10/2016   275.00   N BIR B-213933 31/10/2016 2   31/10/2016 English Books Dewey Decimal Classification  
        Shahdara Branch Shahdara Branch 30/07/2018 BPPD/PUB 275.00   N BIR B-213949 30/07/2018   275.00 30/07/2018 English Books Dewey Decimal Classification Fiction

© Delhi Public Library
Hit Counter
free hit counter